Familiada JetPunk - Statystyki

Ogólne statystyki
  • Ten quiz został rozwiązany 2 398 razy
    1 311 od ostatniego zresetowania
  • Średni wynik to 18 z 25
Statystyki odpowiedzi
Hint Odpowiedź % Poprawnych
100 Biedronka
97%
97 Polska
96%
99 Lidl
95%
89 Warszawa
94%
96 Rosja
93%
81 Kraków
91%
96 Niemcy
91%
95 Stany Zjednoczone
91%
83 Gdańsk
86%
92 BMW
82%
75 Wrocław
81%
91 Audi
79%
93 Tlen
78%
95 Francja
76%
86 Żabka
76%
95 Wodór
73%
82 Dino
68%
87 Węgiel
56%
80 Gdynia
54%
84 Hel
54%
76 Kaufland
54%
86 Złoto
54%
78 Opel
53%
80 Fiat
51%
78 Lamborghini
19%
Nie znaleziono quizów pasujących do podanych kryteriów
Rozkład punktacji
Procent ludzi z każdym wynikiem
Percentyl według liczby udzielonych odpowiedzi
Twoja historia wyników
Nie rozwiązałeś tego quizu od ostatniego zresetowania